Dynamické vlastnosti meracích prístrojov : Diplomová práca

Na minha lista:
Detalhes bibliográficos
Autor principal: Miksád, Milan (Author)
Outros Autores: Maduda, Miroslav, 1937- (xxx)
Formato: Manuscrito Livro
Idioma:eslovaco
Publicado em: Trnava : STU v Bratislave MtF KOOS , 1995
Assuntos:
Tags: Adicionar Tag
Sem tags, seja o primeiro a adicionar uma tag!

MARC

LEADER 00000ntm a22000003a 4500
001 stu92752
005 20160719154542.4
008 050203s1995----xo------------------slo-d
040 |a STU  |b slo 
041 0 |a slo 
044 |a xo 
100 1 |a Miksád, Milan  |4 aut 
245 1 |a Dynamické vlastnosti meracích prístrojov :  |b Diplomová práca 
260 |a Trnava :  |b STU v Bratislave MtF KOOS ,  |c 1995 
300 |a 68 s 
650 7 |a Strojárska technológia-obrábanie  |2 stusub 
700 1 |a Maduda, Miroslav,  |d 1937-  |4 xxx  |u M160  |U MTF Ústav výrobných technológií  |T MTF Katedra obrábania a montáže  |X 4399  |U M160  |Y M160  |7 A000004399 
996 |b 284M037926  |c M*DP-2887  |l MMSKP  |s P  |a 0  |w stu92752_0001